| 000 | 00557nam a2200169 i 4500 | ||
|---|---|---|---|
| 001 | 35235 | ||
| 003 | ES-MaACL | ||
| 005 | 20230906155100.0 | ||
| 007 | t| | ||
| 008 | 030212s1945 be ||||1| fre d | ||
| 100 | 1 |
_aBottequin, Armand. _930798 |
|
| 245 | 1 | 0 |
_aDifficultès et finesses de langage _b: le bon usage du français d'aurjourd d'hui / _cArmand Bottequin ; preface de M. Charles Bruneau. |
| 260 |
_aGante : _bDaphne, _c1945 ( _fErasmus) |
||
| 300 |
_a198 p. ; _c20 cm. |
||
| 700 | 1 |
_aBruneau, Charles. _932148 |
|
| 852 |
_aES-MaACL _jC-4531 _bR.25001 |
||
| 999 |
_c35235 _d35235 |
||